[Event "Landesliga U20 Nord 1011"]
[Site "Bayern"]
[Date "2011.01.22"]
[Round "4.3"]
[White "Koeberle, Jonas"]
[Black "Petermann, Jan"]
[Result "1-0"]
[WhiteElo "1694"]
[BlackElo "1597"]
[PlyCount "71"]
[EventDate "2010.10.16"]
[EventType "team-tourn"]
[EventRounds "7"]
[EventCountry "GER"]
[SourceTitle "EXT 2022"]
[Source "ChessBase"]
[SourceDate "2021.10.06"]
[SourceVersion "1"]
[SourceVersionDate "2021.10.06"]
[SourceQuality "1"]
[WhiteTeam "Haunwoehr SV U20"]
[BlackTeam "Puschendorf U20"]
[WhiteTeamCountry "GER"]
[BlackTeamCountry "GER"]

1. e4 g6 2. Nc3 Bg7 3. g3 d6 4. Bg2 c5 5. d3 Nc6 6. Be3 e5 7. Nge2 Nge7 8. Qd2 0-0 9. 0-0 Be6 10. h3 Qd7 11. Kh2 f5 12. Bh6 Rf7 13. Bxg7 Kxg7 14. f4 Raf8 15. Nd5 Nd4 16. Rae1 fxe4 17. dxe4 Nxe2 18. Rxe2 exf4 19. Nxf4 Kg8 20. b3 Nc6 21. c3 Ne5 22. Rd1 Rd8 23. Qe3 Bg4 24. Red2 Bxd1 25. Rxd1 g5 26. Nd3 Qe7 27. Nxe5 Qxe5 28. Rd5 Qf6 29. Rxg5+ Rg7 30. Rf5 Qg6 31. Bf1 Re8 32. Bc4+ Kh8 33. Qf4 h6 34. Rf6 Qh5 35. Rxh6+ Rh7 36. Qf6# 1-0